Men With Cats Quiz Stats

 Plays Quiz Updated Feb 10, 2015

Challenge
Share
Tweet
Score 0/20 Timer 04:00
6 Plays Today
% Correct
Michael Jackson
99%
George Clooney
95%
Morgan Freeman
94%
David Bowie
91.6%
John Travolta
88.1%
Marilyn Manson
83.9%
Robert De Niro
80.2%
Kurt Cobain
77%
Michael J. Fox
76.7%
Anthony Hopkins
73.4%
% Correct
Russell Brand
71.5%
James Franco
67.1%
Marlon Brando
65.4%
Ricky Gervais
64.7%
Bob Dylan
63.8%
James Dean
63.6%
Leonard Nimoy
63.2%
Joseph Gordon-Levitt
58.4%
Salvador Dalí
54.1%
Jesse Eisenberg
54.1%

You're not logged in!

Compare scores with friends on all Sporcle quizzes.
OR
Log In

You Might Also Like...

Show Comments

Extras

Top Quizzes Today


Score Distribution

Your Account Isn't Verified!

In order to create a playlist on Sporcle, you need to verify the email address you used during registration. Go to your Sporcle Settings to finish the process.

Report this User

Report this user for behavior that violates our Community Guidelines.

Details: